Celebrities With "G" Names by Picture - Statistics

General Stats
  • This quiz has been taken 146 times
  • The average score is 7 of 10
Answer Stats
Picture Answer % Correct
George Clooney
90%
George Washington
89%
George W. Bush
89%
George H.W. Bush
85%
Greta Thunberg
74%
Gene Wilder
64%
Gwen Stefani
63%
George Lucas
62%
Gene Hackman
44%
George Lopez
35%
No matching quizzes found
Score Distribution
Percent of People with Each Score
Percentile by Number Answered
Your Score History
You have not taken this quiz